000 00527cam a22001812 4500
001 0000011938
005 20151217155849.0
008 090121s xx 000 0 eng d
040 _aKABU
_cKABU
245 1 0 _aRed book 1930-1931 /
_ccompiled by East African Standard.
250 _a1st ed.
260 _aNairobi :
_bE. A. S.,
_c1930.
300 _a578, xi p.
651 0 _aAfrica, East
_xDirectories.
_@0000168008
852 1 _9p500 KES
908 _a090121
950 _@1
999 _c13428
_d13428